| 000 | 00529cam a22001817a 4500 | ||
|---|---|---|---|
| 001 | 000002382 | ||
| 005 | 20200929150206.0 | ||
| 008 | 780302s1977 ve 001 0 spa | ||
| 040 |
_aDO-SdBNP _bspa _cBNPHU |
||
| 082 |
_aV861.44 _bP181p |
||
| 100 | 1 |
_aPalomares, Ramón, _d1935- _97568 |
|
| 245 | 1 | 0 |
_aPoesía / _cRamón Palomares. |
| 260 |
_aCaracas : _bMonte Ávila, _c1977. |
||
| 300 |
_a269 p. ; _c20 cm. |
||
| 650 | 4 |
_aPoesía venezolana _94230 |
|
| 650 | 4 |
_aLiteratura venezolana _93816 |
|
| 910 | _aCatalogación por copia / LC | ||
| 999 |
_c2222 _d2222 |
||